Central Library OPAC University of Rajshahi

Gold and world power : (Record no. 4186)

MARC details
000 -LEADER
fixed length control field 00820cam a22002531 4500
001 - CONTROL NUMBER
control field 4186
003 - CONTROL NUMBER IDENTIFIER
rucl marc code BD-RjUL
005 - DATE AND TIME OF LATEST TRANSACTION
control field 20211208233841.0
008 - FIXED-LENGTH DATA ELEMENTS--GENERAL INFORMATION
fixed length control field 131222s1966 nyua b 001 0 eng
035 ## - SYSTEM CONTROL NUMBER
System control number (BD-RjUL)4220
040 ## - CATALOGING SOURCE
Original cataloging agency DLC
Transcribing agency ODaWU
Modifying agency OCoLC
-- DLC
-- BD-RjUL
Language of cataloging eng
041 ## - LANGUAGE CODE
Language code of text/sound track or separate title eng
082 ## - DEWEY DECIMAL CLASSIFICATION NUMBER
Classification number 332.15
Author mark and year ROG 1966
Edition number 23
100 1# - MAIN ENTRY--PERSONAL NAME
Personal name Rolfe, Sidney E.
9 (RLIN) 13276
245 10 - TITLE STATEMENT
Title Gold and world power :
Remainder of title the dollar, the pound, and the plans for reform /
Statement of responsibility, etc. Sidney E. Rolfe, with the assistance of Robert G. Hawkins.
260 ## - PUBLICATION, DISTRIBUTION, ETC. (IMPRINT)
Place of publication, distribution, etc. New York :
Name of publisher, distributor, etc. Harper & Row,
Date of publication, distribution, etc. c1966.
300 ## - PHYSICAL DESCRIPTION
Pagination viii, 276 p. ;
Size 22 cm.
500 ## - GENERAL NOTE
General note Includes index.
504 ## - BIBLIOGRAPHY, ETC. NOTE
Bibliography, etc Bibliography: p. 264-268.
650 #0 - SUBJECT ADDED ENTRY--TOPICAL TERM
Topical term or geographic name as entry element Balance of payments
Geographic subdivision United States.
9 (RLIN) 11756
700 ## - ADDED ENTRY--PERSONAL NAME
Personal name Hawkins, Robert G.
942 ## - ADDED ENTRY ELEMENTS (KOHA)
Source of classification or shelving scheme Dewey Decimal Classification
Koha item type Books
Holdings
Lost status Source of classification or shelving scheme Damaged status Not for loan Collection code Permanent Location Current Location Shelving location Date acquired Source of acquisition Cost, normal purchase price Total Checkouts Full call number Date last seen Copy number Koha item type
  Dewey Decimal Classification     Non-fiction Central Library, University of Rajshahi Central Library, University of Rajshahi   02/12/1968 Zeitlinger 30.00   332.15 ROG 1966 22/12/2013 C-2 Books
  Dewey Decimal Classification     Non-fiction Central Library, University of Rajshahi Central Library, University of Rajshahi   02/12/1968 Zeitlinger 30.00   332.15 ROG 1966 26/06/2016 C-3 Books
  Dewey Decimal Classification     Non-fiction Central Library, University of Rajshahi Central Library, University of Rajshahi   02/12/1968 Zeitlinger 30.00   332.15 ROG 1966 26/06/2016 C-4 Books